Europäische Geschichte nach Buchstaben - K - Statistiken

Allgemein
  • Dieses Quiz wurde 58 mal gespielt
  • Das Durchschnittsergebnis liegt bei 12 aus 20
Antwortstatistiken
Hinweis Antwort % Korrekt
Bezeichnung für die Einrichtungen, in denen die Nationalsozialisten Juden, Sinti, Roma, Kommunisten und weitere Minderheiten inhaftierten und ermordeten Konzentrationslager
98%
Bezeichnung für den Konflikt zwischen NATO- und Warschauer-Pakt-Staaten nach dem Zweiten Weltkrieg Kalter Krieg
96%
Historische Bezeichnung der heutigen Stadt Istanbul, als diese Hauptstadt des Römischen und Osmanischen Reiches war Konstantinopel
96%
In dieser Bodenseestadt wurde 1414-1418 das Große Abendländische Schisma beendet und Jan Hus hingerichtet Konstanz
90%
Diese Stadt war im Mittelalter die Hauptstadt des Königreichs Polen Krakau
90%
Dieser Frankenkönig ließ sich 800 vom Papst zum Kaiser krönen Karl der Große
88%
Russische Zarin (1762-1796), die ihr Land modernisierte und die Krim, Weißrussland und Litauen eroberte Katharina die Große
88%
Dieser Staat führte 1998/1999 einen Unabhängigkeitskrieg gegen Jugoslawien unter Eingreifen der NATO Kosovo
85%
Ehemaliger Name von Kaliningrad, der Hauptstadt Ostpreußens Königsberg
73%
Preußischer Astronom, der im 16. Jahrhundert das Heliozentrische Weltbild postulierte Nikolaus Kopernikus
73%
Berüchtigter sowjetischer Geheimdienst und Geheimpolizei KGB
69%
In der Antike war diese Kultur in Frankreich, Großbritannien, Irland, Teilen von Spanien, Italien, Deutschlands und weiteren Gebieten verbreitet Kelten
56%
Bezeichnung für Kriege, die im Mittelalter zur Verbreitung des christlichen Glauben z.B. in der Levante, Spanien oder Litauen geführt wurden Kreuzzüge
56%
Mit diesem Schiffstypen fuhren die Kaufleute der Hanse über die Ost- und Nordsee Kogge
54%
Dieser Sozialdemokratische Politiker war österreichischer Bundeskanzler von 1970 bis 1983, in der er viele Sozialpolitische Reformen umsetzen konnte Bruno Kreisky
31%
Freie Bewohner der osteuropäischen Steppe, die sich teilweise unter Atamanen oder Hetmanen organisierten und bei der Kolonisierung Sibiriens beteiligten Kosaken
31%
Größte Minoische Tempelanlage bei Iraklio auf Kreta, in der der Sage nach das Minotaurus in einem Labyrinth lebte Knossos
23%
Als Ketzer geächtete religiöse Gruppe aus Südfrankreich, die in einem solchen Krieg verfolgt wurde Katharer
15%
In dieser Stadt wurden im Zweiten Weltkrieg mehrere tausend Polen durch den sowjetischen Geheimdienst ermordet Katyn
8%
Russischer Adliger und Naturforscher, der mit seinem Werk "Die Eroberung des Brotes" zum wichtigen Theoretiker des Anarchismus wurde Peter Kropotkin
4%
Keine übereinstimmenden Quizze gefunden
Verteilung der Resultate
Anzahl Personen mit jedem Resultat
Perzentil nach korrekt beantworteten Fragen
Ihre Resultats-Entwicklung
Sie haben dieses Quiz noch nicht gespielt